00314 a2200109 4500001001000000005001700010008004100027245002700068100002200095700001600117773007100133ART_4348420260410162024.0260409a 10aSpace and unemployment1 aBrueckner, Jan k.1 aZenou, Yves0 tJournal of labor economicsg- Vol. 21, NÂș 1 (ene. 2003)wREV43438